000 00568nam a2200181Ia 4500
008 151018s9999 xx 000 0 und d
082 _bRBASDV16970
_a891.463
100 _aवा शि आपटे
245 _aप्रश्न जीवनाचे
250 _b1
260 _bसरिता प्रकाशन
_c1981
300 _a113
600 _aवा शि आपटे
630 _aप्रश्न जीवनाचे
700 _aवा शि आपटे
730 _aप्रश्न जीवनाचे
942 _cBOOK
999 _c1017656
_d1017653